000 01621nam0a2200337 4500
001 RU\NLR\bibl\1048857
005 20260412063020.0
010 _a5-364-00349-3
_950
021 _aRU
_b2006-86284
_94371
035 _a(nilc)RSL-KNO-003017962
035 _a(NLR Aleph) 001036189
090 _a789755
_c789755
100 _a20070117d2006 |||y0rusy50 ca
101 0 _arus
102 _aRU
105 _ay zzzz|||||
106 _ar
200 1 _aОрганизационно-методические аспекты управления общеобразовательными учреждениями гуманитарного профиля
_fР. М. Баскаев
210 _aМосква
_cКомпания Спутник+
_d2006
215 _a89 с.
_cтабл.
_d20
606 _aШколы
_xПрофильное обучение
_3RU\NLR\auth\661382109
_92309201
610 0 _aКультура. Наука. Просвещение -- Народное образование. Педагогические науки -- Общеобразовательная школа. Школьная педагогика -- Школьная педагогика -- Российская Федерация -- Школоведение -- Руководство учебным заведением
686 _aЧ421,6(2)41,0
_2rubbk
686 _aЧ421.202.5
700 1 _aБаскаев
_bР. М.
_gРуслан Муратович
_4070
801 0 _aRU
_bРКП
_c20070117
_grcr
801 1 _aRU
_bРГБ
_c20070117
801 2 _aRU
_bNLR
_c20070220
_grcr
942 _cBOOK
980 _aNB